Vytvorenie databázového systému na zber, kontrolu a vyhodnotenie údajov laboratórnych cvičení z chemického inžinierstva

Na minha lista:
Detalhes bibliográficos
Autor principal: Libiak, Martin (Author)
Outros Autores: Labovský, Juraj (Thesis advisor)
Formato: Manuscrito Livro
Idioma:eslovaco
Publicado em: 2015
Assuntos:
Acesso em linha:http://is.stuba.sk/zp/portal_zp.pl?podrobnosti=113131
Tags: Adicionar Tag
Sem tags, seja o primeiro a adicionar uma tag!

MARC

LEADER 00000ntm a22000003a 4500
001 stuzp53220
003 SK-STU
005 20160719154422.4
007 ta
008 150427s2015----xo-----f-mn---000-0-slo-d
040 |a STU  |b slo 
041 0 |a slo 
100 1 |a Libiak, Martin  |u 046230  |4 aut  |U FCHPT Ústav chemického a environmentálneho inžinierstva  |T FCHPT Oddelenie chemického a biochemického inžinierstva  |X 44063  |U C6230  |Y 119  |7 44063 
242 0 1 |a Development of a Database System for Collection, Check and Assessment of Chemical Engineering Laboratory Data  |y eng 
245 1 0 |a Vytvorenie databázového systému na zber, kontrolu a vyhodnotenie údajov laboratórnych cvičení z chemického inžinierstva 
260 |c 2015 
650 4 |a C#  |2 slo 
650 4 |a štatistika  |2 slo 
650 4 |a databáza  |2 slo 
650 4 |a antiplagiátorský systém  |2 slo 
650 4 |a database  |2 eng 
650 4 |a C#  |2 eng 
650 4 |a anti-plagiarism system  |2 eng 
650 4 |a statistics  |2 eng 
700 1 |a Labovský, Juraj  |4 ths  |X 10292  |7 A000010292 
856 4 |u http://is.stuba.sk/zp/portal_zp.pl?podrobnosti=113131 
SQL |a stuzp53220  |b DDP  |c SLO  |d Vytvorenie databázového systému na zber, kontrolu a vyhodnotenie údajov laboratórnych cvičení z chemického inžinierstva  |e 44063  |f Libiak, Martin  |g 046230  |h 10292  |i Labovský, Juraj  |j 20150609  |k 115  |l 04  |m http://is.stuba.sk/zp/portal_zp.pl?podrobnosti=113131  |n I-CHEI  |o 5.2.17. chemické inžinierstvo